| 000 | 01818cam a2200385 a 4500 | ||
|---|---|---|---|
| 001 | 6973 | ||
| 003 | FISKH | ||
| 005 | 20250612113819.0 | ||
| 008 | 050124s2005 nyuab j 001 0deng | ||
| 010 | _a 2005001085 | ||
| 020 | _a9780778724100 (rlb : alk. paper) | ||
| 020 | _a0778724107 (rlb : alk. paper) | ||
| 020 | _a9780778724469 (pb : alk. paper) | ||
| 020 | _a0778724468 (pb : alk. paper) | ||
| 040 |
_aDLC _cDLC _dDLC _beng |
||
| 050 | _aF592 .R625 | ||
| 082 | _a917.804 | ||
| 100 | 1 | _aRodger, Ellen. | |
| 245 | 1 | 0 |
_aLewis and Clark : _bopening the American West / _cEllen Rodger. |
| 260 |
_aNew York : _bCrabtree, _c2005. |
||
| 300 |
_a32 pages : _bcolor illustration ; maps ; _c28 cm |
||
| 440 | 0 | _aIn the footsteps of explorers | |
| 500 | _aIncludes index. | ||
| 505 | 0 | _aA voyage of discovery -- The next frontier -- Lewis and Clark -- Getty ready -- Up the Missouri -- Over the mountains -- Sacagawea -- Life on the trail -- Homeward bound -- American Indians -- After the expedition -- The legacy. | |
| 520 | _aPresents a short children's history of explorers Lewis and Clark and describes their voyage across the American west from Missouri to the Pacific Ocean, encounters with the native tribes along the way, and the various plants and animals they saw. | ||
| 600 | 1 | 0 |
_aLewis, Meriwether, _d1774-1809 _vJuvenile literature. |
| 600 | 1 | 0 |
_aClark, William, _d1770-1838 _vJuvenile literature. |
| 611 | 2 | 0 |
_aLewis and Clark Expedition _d(1804-1806) _vJuvenile literature. |
| 650 | 0 |
_aExplorers _zWest (U.S.) _vBiography _vJuvenile literature. |
|
| 651 | 0 |
_aWest (U.S.) _xDiscovery and exploration _vJuvenile literature. |
|
| 651 | 0 |
_aWest (U.S.) _xDescription and travel _vJuvenile literature. |
|
| 906 |
_a7 _bcbc _corignew _d1 _eecip _f20 _gy-gencatlg |
||
| 942 |
_2ddc _cBK _n0 |
||
| 999 |
_c6973 _d6973 |
||